00397nam a2200169Ia 450000500170000000800410001702000100005804000190006804100120008708200160009910000170011524500300013226000250016230000090018765000210019685000100021720240821100300.0131103s9999 xx 000 0 und d cRs.30 aLoreto College aEnglish a891.43bMIS aMishra, B.N. aKahani SumancB.N. Mishra aKolkatabKiranc2004 aV.1  aHindi litarature aLCBED